000 00748nam a22002417a 4500
003 OSt
005 20210823113437.0
008 210311b2020 dr | 00| 0 spa d
020 _a9789945096422
040 _aDO-SdBNP
_bspa
_cBPMSU
082 4 _aRD863.44
_bZ35p, 2020
_222
100 1 _aZapata, César Augusto
_d1959-
245 1 0 _aPersistencia del ángel :
_blugares comunes en la vida de Claudio Cruz /
_cCésar Augusto Zapata
250 _a2a. ed.
260 _aSanto Domingo :
_bBùho,
_c2020.
300 _a123 p. ;
_c24 cm
500 _aIncluye datos biográficos del autor en las solapas
590 _aInventariado, 2021 /VM
650 4 _aNovela dominicana
650 4 _aLiteratura dominicana
910 _aVMateo V.
942 _2ddc
_cBK
999 _c13676
_d13676